| 000 | 02672cam a2200697 4500 | ||
|---|---|---|---|
| 008 | 090401t1989 xxu||||| |||| 00| 0 eng d | ||
| 020 | _a072771502X | ||
| 035 | _a(Sirsi) u36924 | ||
| 041 | _aeng | ||
| 050 |
_a333.9164 _c18 |
||
| 110 |
_aInstitution of Civil Engineers _91402 |
||
| 245 |
_aCoastal management _bproceedings of the conference organized by the Maritime Engineering Board of the Institution of Civil Engineers and held in Bournemouth on 9-11 May 1989 |
||
| 260 |
_aLondon _bThomas Telford _c1989 |
||
| 300 |
_a307p. _c24cm. |
||
| 350 | _a45 | ||
| 505 | _aLegislation and policy: what is coastal management; legislation and policy; technical overview | ||
| 505 | _aCoastal planning: a county council's approach; physical constraints on the planning of coastal development; a regional strategy | ||
| 505 | _aResearch: research on tides, surges and waves; research on beaches and coastal structures | ||
| 505 | _aCaring for the environment: engineering conservation; nature conservation in coastal management; the Australian experience | ||
| 505 | _aCoastal studies: the deterioration of a coastline; the Anglian sea defence management study; implications for climate change | ||
| 505 | _aCoastal defence methods: beach management; marine resources; managemetn of coastal cliffss; coastal structures; scheme worthwhileness | ||
| 505 | _aEngineering studies: case study at Camarthan Bay; evolution of the Bournemouth defences; Workington ironworks reclamation; Wirral scheme | ||
| 650 | _aBOURNEMOUTH | ||
| 650 | _aCARMARTHEN BAY | ||
| 650 | _aWIRRAL | ||
| 650 | _aWORKINGTON | ||
| 690 | _aPROPERTY-RURAL AND NATURAL ASSETS-RURAL AND NATURAL ASSET MANAGEMENT-COASTAL MANAGEMENT | ||
| 700 | _aBarrett, M. G. | ||
| 700 | _aPark, J. R. | ||
| 700 | _aWhittle, I. R. | ||
| 700 | _aBell, P. | ||
| 700 | _aBrook, D. | ||
| 700 | _aHall, B. | ||
| 700 | _aAlcock, G. | ||
| 700 | _aOwen, M. W. | ||
| 700 | _aRoberts, A. G | ||
| 700 | _aDuff, K. L. | ||
| 700 | _aMiller, I. R. W. | ||
| 700 | _aMumford, P. A. | ||
| 700 | _aWakelin, M. J. | ||
| 700 | _aFlemming, C. A. | ||
| 700 | _aClayton, K. M. | ||
| 700 | _aShave, K. J. | ||
| 700 | _aParrish, F. | ||
| 700 | _aMcGown, A. | ||
| 700 | _aWoodrow, L. K. R. | ||
| 700 | _aPallett, N. | ||
| 700 | _aYoung, S. W. | ||
| 700 | _aPenning-Rowsell, Edmund C | ||
| 700 | _aCoker, A. | ||
| 700 | _aN'Jai, A. | ||
| 700 | _aParker, D. J. | ||
| 700 | _aTunstall, S. M. | ||
| 700 | _aBarber, P. C. | ||
| 700 | _aThomas, R. P | ||
| 700 | _aLelliott, R. E. L. | ||
| 700 | _aEmpsall, B. | ||
| 700 | _aDavies, C. D. | ||
| 942 | _n0 | ||
| 948 | _c04/03/1997 | ||
| 999 |
_c90406 _d90406 |
||